CRM ako nástroj na zvýšenie konkurencieschopnosti podniku v cestovnom ruchu diplomová práca

Salvato in:
Dettagli Bibliografici
Autore principale: Čakanišin, Adrián, 1997-
Ente Autore: Obchodná fakulta EU. Katedra služieb a cestovného ruchu - zrušené
Altri autori: Naďová Krošláková, Monika, 1975-
Natura: Libro
Lingua:slovacco
Pubblicazione: Bratislava 2022
Tags: Aggiungi Tag
Nessun Tag, puoi essere il primo ad aggiungerne!!

MARC

LEADER 00000nbm a2200000 4500
001 0284172
005 20221206090809.0
041 0 |a slo 
044 |a SK 
245 1 0 |a CRM ako nástroj na zvýšenie konkurencieschopnosti podniku v cestovnom ruchu  |b diplomová práca  |c Adrián Čakanišin ; školiteľ: Monika Naďová Krošláková 
264 1 |a Bratislava  |c 2022 
300 |a 69 s. 
100 1 |a Čakanišin, Adrián, 1997- 
700 1 |a Naďová Krošláková, Monika, 1975- 
710 2 |a Obchodná fakulta EU. Katedra služieb a cestovného ruchu - zrušené